Normal view
MARC view
- الحضارة-تاريخ
Entry Topical Term
001 - CONTROL NUMBER
- control field: 60455
003 - CONTROL NUMBER IDENTIFIER
- control field: JO-AjAnu
005 - DATE AND TIME OF LATEST TRANSACTION
- control field: 20230606083901.0
008 - FIXED-LENGTH DATA ELEMENTS
- fixed length control field: 230606|| aca||aabn | a|a d
040 ## - CATALOGING SOURCE
- Original cataloging agency: JO-AjAnu
- Transcribing agency: JO-AjAnu
150 ## - HEADING--TOPICAL TERM
- Topical term or geographic name entry element: الحضارة-تاريخ
670 ## - SOURCE DATA FOUND
- Source citation: Work cat.: (JO-AjAnu)30829: ديورانت، ول وايريل؛ ترجمة عبدالرحمن عبدالله الشيخ, author 60454, قصة الحضارة: عصر نابوليون تاريخ الحضارة الاوروبية من 1789الى 1815، ج45-46-47، مجلد11، الكتاب الثالث